Sports Quiz

Random Sports or NHL Quiz

NHL Most Points per Position/Team Quiz Stats

 Plays Quiz Updated Feb 28, 2017

Score 0/150 Timer 15:00
0 Plays Today
Player % Correct
Wayne Gretzky
89%
Bobby Orr
78.5%
Teemu Selanne
78.2%
Bobby Hull
76.7%
Brett Hull
76.7%
Mario Lemieux
75.6%
Joe Sakic
74.7%
Gordie Howe
73.2%
Mark Howe
72.7%
Mike Modano
72.7%
Steve Yzerman
72.5%
Jarome Iginla
71.2%
Ray Bourque
68%
Kevin Stevens
65%
Nicklas Lidstrom
64.1%
Paul Kariya
64%
Phil Esposito
63.2%
Jari Kurri
62.6%
Patrick Marleau
62.5%
Jaromir Jagr
62.2%
Martin St. Louis
62%
Ron Francis
60.9%
Paul Coffey
60.9%
Paul Coffey
60.9%
Daniel Alfredsson
60.3%
Mats Sundin
59.2%
Mike Bossy
58.6%
Ryan Getzlaf
57.3%
Vincent Lecavalier
56.9%
Scott Stevens
56.4%
Scott Stevens
56.4%
Guy Lafleur
56.2%
Bobby Clarke
55.6%
Luc Robitaille
55.3%
Stan Mikita
55%
Scott Niedermayer
54.7%
Scott Niedermayer
54.7%
Shane Doan
53.5%
Chris Pronger
52.8%
Daniel Sedin
52.7%
Henrik Sedin
51.9%
Brian Leetch
51.7%
Marcel Dionne
51%
Al MacInnis
50.1%
Al MacInnis
50.1%
Mikko Koivu
49.8%
Bryan Trottier
49.7%
Alex Ovechkin
49.4%
Dany Heatley
49.1%
David Vyborny
48.9%
Player % Correct
Rob Blake
48.2%
Jason Spezza
48.2%
Marian Gaborik
47.5%
Milan Hejduk
45.1%
Ilya Kovalchuk
44.6%
Denis Potvin
44.4%
Jeff Friesen
43.6%
Gary Suter
42.8%
Jean Beliveau
41.7%
Larry Robinson
40.5%
Dale Hawerchuk
40.2%
Gilbert Perreault
39.3%
Peter Bondra
39.2%
Joe Nieuwendyk
37.8%
Keith Tkachuk
37.5%
Scott Gomez
37.2%
Sergei Zubov
36.9%
David Legwand
36.4%
Johnny Bucyk
36.3%
Olli Jokinen
36.2%
Mark Scheifele
36.2%
Rick Nash
34.9%
Dave Andreychuk
34.8%
Adam Foote
34.5%
Phil Housley
33.9%
Kimmo Timonen
32.7%
Dan Boyle
32.6%
Dan Boyle
32.6%
Bryan Little
31.6%
René Robert
30.5%
Ryan Smyth
28.9%
Shea Weber
28.8%
Patrik Elias
28.6%
Wade Redden
27.7%
Erik Karlsson
27.6%
Rod Gilbert
27%
Borje Salming
27%
Owen Nolan
26.7%
Michel Goulet
26.3%
Bernie Federko
26.3%
Brian Sutter
26%
Alex Delvecchio
25.8%
Dave Taylor
25.4%
Bill Barber
24.9%
Steve Shutt
24.1%
Dino Ciccarelli
23.8%
Gary Roberts
23.6%
Tomas Kaberle
23.6%
Ray Whitney
23%
Jean Ratelle
22.8%
Player % Correct
Martin Erat
22.5%
Scott Mellanby
22.4%
Kevin Lowe
22%
Steve Larmer
21.7%
Doug Wilson
21%
Dustin Byfuglien
21%
Ryan Suter
20.8%
John MacLean
20.8%
Clark Gillies
20.3%
Trevor Linden
19.6%
Brian Bellows
19.3%
Fredrik Olausson
19.2%
Rick Middleton
19%
Glen Wesley
16.9%
Frank Mahovlich
16.8%
Steve Sullivan
16%
Eric Desjardins
15.9%
Tim Kerr
15.8%
Guy Lapointe
15.7%
Jay Bouwmeester
15.5%
Nicklas Backstrom
15.3%
Mattias Ohlund
15.2%
Victor Hedman
13.8%
Fredrik Modin
13.8%
Jack Johnson
13.2%
Bob Murray
12.3%
Kevin Dineen
11.9%
Cam Fowler
11.7%
Drew Doughty
11.7%
Jyrki Lumme/Dennis Kearns
11.5%
Fedor Tyutin
11.3%
Teppo Numminen
10.9%
Tobias Enstrom
10.1%
George Armstrong
10%
John-Michael Liles
9.2%
Geoff Sanderson
8.8%
Calle Johansson
8%
Andrew Brunette
7.6%
Robert Svehla
7.5%
Reed Larson
6.8%
Kris Letang
6.8%
Mike Ramsey
6.6%
Dave Babych
6.6%
Craig Hartsburg
6.3%
Jared Spurgeon
6.2%
Ron Greschner
6.2%
R.J. Umberger
5.5%
Marc-Edouard Vlasic
5.4%
Stefan Persson
4.4%
Steve Vickers
4.2%

You're not logged in!

Compare scores with friends on all Sporcle quizzes.
Join for Free
OR
Log In

You Might Also Like...

Show Comments

Extras

Top Quizzes Today


Score Distribution

Your Account Isn't Verified!

In order to create a playlist on Sporcle, you need to verify the email address you used during registration. Go to your Sporcle Settings to finish the process.

Report this User

Report this user for behavior that violates our Community Guidelines.

Details: